| 000 | 00754nam a22002417a 4500 | ||
|---|---|---|---|
| 999 |
_c5591 _d5591 |
||
| 003 | AR-CdUCM | ||
| 008 | 190312b ||||| |||| 00| 0 spa d | ||
| 020 | _a84-8280-172-4 | ||
| 040 |
_aMUNICIPALIDAD PROVINCIAL DEL CUSCO _cBIBLIOTECA MUNICIPAL DEL CUSCO |
||
| 082 |
_a868.39 / _bV39 |
||
| 100 |
_aDe Vega, Lope _9170 |
||
| 245 |
_aFuente Ovejuna : _bEl Castigo sin Venganza / |
||
| 260 |
_aBogota _bLa oveja negra, _c1983. |
||
| 300 |
_a227 paginas ; _c18cm. |
||
| 440 |
_aHistoria Universal de la Literatura _n72 _916727 |
||
| 650 |
_aAdaptaciones _91309 |
||
| 650 |
_aFuente ovejuna _916728 |
||
| 650 |
_aTeatri espaƱol _916729 |
||
| 650 |
_aEdad de oro _9649 |
||
| 700 |
_aNieto, Manuel fernandez _916730 |
||
| 942 |
_2ddc _cLIBROS |
||
| 945 | _apjha | ||